Kid's eye view of science / (Record no. 105319)
[ view plain ]
| 000 -LEADER | |
|---|---|
| fixed length control field | 00607nam a2200169 a 4500 |
| 005 - DATE AND TIME OF LATEST TRANSACTION | |
| control field | 20140412111351.0 |
| 008 - FIXED-LENGTH DATA ELEMENTS--GENERAL INFORMATION | |
| fixed length control field | 050422s19uu xx 00 eng d |
| 050 ## - LIBRARY OF CONGRESS CALL NUMBER | |
| Classification number | TR(GS 507 |
| Item number | K79 1994 |
| 100 ## - MAIN ENTRY--PERSONAL NAME | |
| Personal name | Kovalik, Susan J. |
| 245 ## - TITLE STATEMENT | |
| Title | Kid's eye view of science / |
| Statement of responsibility, etc | by Susan J. Kovalik and Karen D. Olsen. |
| 260 ## - PUBLICATION, DISTRIBUTION, ETC. (IMPRINT) | |
| Place of publication, distribution, etc | Kent, WA : |
| Name of publisher, distributor, etc | Center for the future of Public Education, |
| Date of publication, distribution, etc | 1994. |
| 300 ## - PHYSICAL DESCRIPTION | |
| Extent | 207 p. |
| 520 ## - SUMMARY, ETC. | |
| Summary, etc | A Teacher's Handbook for implementing an intergrated thematic approach to teaching science, K-6 |
| 650 ## - SUBJECT ADDED ENTRY--TOPICAL TERM | |
| Topical term or geographic name as entry element | Science |
| General subdivision | Study and teaching |
| 650 ## - SUBJECT ADDED ENTRY--TOPICAL TERM | |
| Topical term or geographic name as entry element | Science |
| General subdivision | Handbook |
| Withdrawn status | Lost status | Damaged status | Home library | Current library | Shelving location | Date acquired | Source of acquisition | Total Checkouts | Full call number | Barcode | Date last seen | Price effective from | Koha item type |
|---|---|---|---|---|---|---|---|---|---|---|---|---|---|
| Elizalde Library | Elizalde Library | Teachers Reference Section | 04/22/2005 | TR(GS 507 K79 1994 | E9882 | 04/12/2014 | 04/12/2014 | Books |